Teatro clásico en Valencia. (Record no. 179944)

MARC details
000 -LEADER
campo de control de longitud fija 01131nam a2200253 i 4500
001 - NÚMERO DE CONTROL
campo de control 179944
003 - IDENTIFICADOR DE NÚMERO DE CONTROL
campo de control ES-MaACL
005 - FECHA Y HORA DE LA ÚLTIMA TRANSACCIÓN
campo de control 20230906220941.0
008 - DATOS DE LONGITUD FIJA--INFORMACIÓN GENERAL
campo de control de longitud fija 120306s1997 sp |||| | spa d
020 ## - NÚMERO INTERNACIONAL ESTÁNDAR DEL LIBRO
Número Internacional Estándar del Libro 84-89794-10-3
080 ## - NÚMERO DE LA CLASIFICACIÓN DECIMAL UNIVERSAL
Número de la Clasificación Decimal Universal 821.134.2-2"15"(082.2)
245 00 - MENCIÓN DEL TÍTULO
Título Teatro clásico en Valencia.
Número de parte o sección de la obra I /
Mención de responsabilidad, etc. [edición y prólogo de Teresa Ferrer Valls].
260 ## - PUBLICACIÓN, DISTRIBUCIÓN, ETC.
Lugar de publicación, distribución, etc. Madrid :
Nombre del editor, distribuidor, etc. Fundación José Antonio de Castro,
Fecha de publicación, distribución, etc. [1997]
300 ## - DESCRIPCIÓN FÍSICA
Extensión XXXVII, 862 p. ;
Dimensiones 23 cm.
490 1# - MENCIÓN DE SERIE
Mención de serie Biblioteca Castro
505 8# - NOTA DE CONTENIDO CON FORMATO
Nota de contenido con formato Contiene: Los amantes / Andrés Rey de Artieda. La gran Semíramis ; La cruel Casandra ; Atila furioso ; La infelice Marcela ; Elisa Dido / Cristóbal de Virués. Apologético de las comedias ; La burladora burlada ; La belígera española ; La fe pagada ; El triunfante martirio y gloriosa muerte de san Vicente / Ricardo de Turia
700 1# - ENTRADA AGREGADA--NOMBRE PERSONAL
Nombre de persona Ferrer Valls, Teresa.
9 (RLIN) 149518
700 1# - ENTRADA AGREGADA--NOMBRE PERSONAL
Nombre de persona Rey de Artieda, Andrés.
9 (RLIN) 96521
700 1# - ENTRADA AGREGADA--NOMBRE PERSONAL
Nombre de persona Virués, Cristóbal de.
9 (RLIN) 115471
700 1# - ENTRADA AGREGADA--NOMBRE PERSONAL
Nombre de persona Turia, Ricardo del.
9 (RLIN) 149519
830 0# - PUNTO DE ACCESO ADICIONAL DE SERIE-TÍTULO UNIFORME
Título uniforme Biblioteca Castro
9 (RLIN) 178957
852 ## - LOCALIZACIÓN
Ubicación ES-MaACL
Número de control de estantería L-29815
Holdings
Estatus retirado Estado de pérdida Estado de daño No para préstamo Biblioteca de origen Biblioteca actual Ubicación en estantería Fecha de adquisición Fuente de adquisición Total de préstamos Signatura topográfica completa Código de barras Visto por última vez Precio de reemplazo Tipo de ítem Koha
        Biblioteca del Ateneo de Madrid Biblioteca del Ateneo de Madrid Depósito 2 06/03/2012     L-29815 1189045 23/02/2023 23/02/2023 Libro impreso